| 000 | 01971cam a22004694i 4500 | ||
|---|---|---|---|
| 003 | PE-LiUPU | ||
| 005 | 20250731172944.0 | ||
| 008 | 150623s r 000 0 d | ||
| 020 | _a0310578213 | ||
| 035 | _a(Sirsi) i9780310578215 | ||
| 040 |
_aPE-LiUPU _bspa _cPE-LiUPU _erda |
||
| 049 | _aPRUA | ||
| 082 | 0 | 4 |
_a259.23 _bP26 _221 |
| 100 | 1 |
_aParrott, Les, _eautor. |
|
| 245 | 1 | 0 |
_aHelping the struggling adolescent : _ba guide to thirty common problems for parents, counselors [and] youth workers / _cLes Parrott III. |
| 264 | 1 |
_aMichigan : _bZondervan Publishing House, _c1993. |
|
| 300 |
_a320 páginas ; _c23.5 centímetros |
||
| 336 |
_atext _2rdacontent |
||
| 337 |
_aunmediated _2rdamedia |
||
| 338 |
_avolume _2rdacarrier |
||
| 504 | _aBibliografía al final de cada artículo. | ||
| 505 | 0 | _aEffective helping. -The struggles of Adolescents: Abuse. -Anger. -Anxiety. -Body image. -Depression. -Drugs and alcohol. -Eating disorders. -Forgiveness. -God's will. -Grief. -Guilt. -Homosexuality. -Inferiority. -Loneliness. -Masturbation. -Obsessions and compulsions. -Panic attacks. -Parents. -Peer pressure. -Phobias. -Pornography. -Promiscuity and premarital sex. -Schizopherenia. | |
| 526 | _aSEG42 | ||
| 526 | _aSEG41 | ||
| 526 | _aSEG40 | ||
| 526 | _aSEG39 | ||
| 526 | _aP94 | ||
| 526 | _aP87 | ||
| 526 | _aP86 | ||
| 526 | _aP85 | ||
| 526 | _aP77 | ||
| 526 | _aP76 | ||
| 526 | _aP35 | ||
| 650 | 0 | 4 |
_aPsicología del adolescente _zEstados Unidos. |
| 650 | 0 | 4 |
_aTrabajo de iglesia con adolescentes _zEstados Unidos. |
| 942 |
_2ddc _cBOOK |
||
| 949 |
_a259.23 P26 _wDEWEY _c1 _i44702 _lCCODEBUL1 _mBUL _r0 _sY _tBOOK _u2015-6-24 _xTEOLOGIA _PP35 _0COMPRA _o.STAFF. Colección General |
||
| 994 |
_aC0 _bPEPRU |
||
| 596 | _a1 | ||
| 999 |
_a259.23 P26 _wDEWEY _c21566 _i44702 _f2021-11-10 _g5 _lCCODEBUL1 _mBUL _r0 _sY _tBOOK _u2015-6-24 _xTEOLOGIA _PP35 _0COMPRA _o.STAFF. Colección General _d21566 |
||
| 980 |
_81 _gALBERTO SANCHEZ Responsable de Automatización |
||